| LEADER |
01094nam0a2200217 450 |
| 001 |
16868253 |
| 010 |
|
|
|a 978-2-7540-1603-2
|b Br.
|d 14,9
|
| 100 |
|
|
|a 20100318d2010 u u0frey01 ba
|
| 101 |
0 |
|
|a fre
|
| 102 |
|
|
|a FR
|
| 200 |
0 |
|
|a Ciel, ma dictée !
|e 60 dictées commentées pour progresser
|f Jean-Joseph Julaud
|g préface de Anna Gavalda
|
| 207 |
|
1 |
|a
|
| 215 |
|
|
|d 21 x 14 cm
|e 1 CD audio
|
| 300 |
|
|
|a Coup de coeur
|
| 330 |
|
|
|a Un choix de 60 dictées issues de la littérature classique ou contemporaine ou inventées, classées en fonction de leur difficulté orthographique et grammaticale, expliquées et commentées. A la fin de chacune, les règles sont développées et les difficultés et mots rares expliqués. Des exercices d'application sont proposés, avec des corrections à la fin du livre.
|
| 606 |
0 |
|
|a Français (langue)
|x Dictées
|
| 676 |
|
|
|a 444
|
| 700 |
|
0 |
|a Julaud
|b Jean-Joseph
|f 1950-....
|4 70
|
| 702 |
|
0 |
|a Gavalda
|b Anna
|f 1970-....
|4 80
|
| 900 |
|
|
|a Documentaire
|
| 995 |
|
|
|a Médiathèque
|c Médiathèque
|f 00156007705437
|h 00156007705437
|k 444 JUL
|o p
|q a
|r az
|e Médiathèque
|